LEADER 03498nam 2200565 450 001 9910797026903321 005 20230803213059.0 010 $a1-4822-4099-8 035 $a(CKB)3710000000391629 035 $a(EBL)1665619 035 $a(SSID)ssj0001458900 035 $a(PQKBManifestationID)12613168 035 $a(PQKBTitleCode)TC0001458900 035 $a(PQKBWorkID)11456082 035 $a(PQKB)11661760 035 $a(MiAaPQ)EBC1665619 035 $a(Au-PeEL)EBL1665619 035 $a(CaPaEBR)ebr11167562 035 $a(OCoLC)908079468 035 $a(EXLCZ)993710000000391629 100 $a20160429h20142014 uy 0 101 0 $aeng 135 $aur|n|---||||| 181 $ctxt 182 $cc 183 $acr 200 00$aHair transplantation $ethe art of follicular unit micrografting and minigrafting /$fedited by Alfonso Barrera, Carlos Oscar Uebel 205 $aSecond edition. 210 1$aSt. Louis, Missouri :$cQuality Medical Publishing, Inc.,$d2014. 210 4$dİ2014 215 $a1 online resource (442 p.) 300 $aDescription based upon print version of record. 311 $a1-57626-372-X 320 $aIncludes bibliographical references. 327 $aFront Cover; Contributors; Forewords; Preface; Acknowledgments; Contents; Part I: Fundamentals; Chapter 1: Anatomy and Physiology of Hair; Chapter 2: Patient Evaluation and Selection; Chapter 3: Preoperative Planning and Patient Instructions; Chapter 4: Incorporating Hair Transplantation Into Your Practice; Part II: T echnique; Chapter 5: Intravenous Sedation; Chapter 6: Correction of Male Pattern Baldness; Chapter 7: Correction of Female Pattern Baldness; Chapter 8: Combining Face Lift and Hair Transplantation; Chapter 9: Follicular Unit Extraction 327 $aChapter 10: Combining Follicular Unit Extraction and Transplantation: Untouched Strip TechniqueChapter 11: Revision of Unfavorable Results; Chapter 12: Complications; Part III: Special Problems; Chapter 13: Hair Transplantation to Enhance Reconstruction of the Faceand Scalp; Chapter 14: Correction of Scarring Alopecia After Face Lift; Chapter 15: R econstruction of Eyebrows and Eyelashes; Chapter 16: Correction of Hair Loss in the Crown Area; Chapter 17: Transgender Patients: Feminization of the Frontal Hairline; Part IV: New Directions 327 $aChapter 18: Benefits of Platelet-Enriched Growth FactorsChapter 19: Benefits of Autologous Cellular Therapy; Chapter 20: Cell-Based Treatments: Tissue Engineering and Cloning 330 $aFundamentalsAnatomy and Physiology of Hair; Francisco Jime?nez, Alfonso Barrera, Carlos Oscar UebelPatient Evaluation and Selection; Alfonso Barrera, Carlos Oscar UebelPreoperative Planning and Patient Instructions; Alfonso Barrera, Carlos Oscar Uebel, Fernando F. BarreraIncorporating Hair Transplantation Into Your Practice; Alfonso BarreraTechniqueIntravenous Sedation; Alfonso Barrera, Carlos Oscar UebelCorrection of Male Pattern Baldness; Alfonso Barrera, Carlos Oscar Uebel, Jorge Augusto Moojen da SilveiraCorrection of Female Pattern Baldness; Carlos Oscar Uebel, Anajara GazzalleCombining Fa 606 $aHair$xTransplantation 615 0$aHair$xTransplantation. 676 $a617.47790592 702 $aBarrera$b Alfonso 702 $aUebel$b Carlos Oscar 801 0$bMiAaPQ 801 1$bMiAaPQ 801 2$bMiAaPQ 906 $aBOOK 912 $a9910797026903321 996 $aHair transplantation$93802873 997 $aUNINA LEADER 03737nam 2200697 a 450 001 9910829827003321 005 20210209181447.0 010 $a3-527-64385-0 010 $a1-283-14076-4 010 $a9786613140760 010 $a3-527-63485-1 010 $a3-527-63484-3 035 $a(CKB)3400000000000405 035 $a(EBL)700959 035 $a(OCoLC)816845206 035 $a(SSID)ssj0000490890 035 $a(PQKBManifestationID)11316502 035 $a(PQKBTitleCode)TC0000490890 035 $a(PQKBWorkID)10473547 035 $a(PQKB)11558979 035 $a(MiAaPQ)EBC700959 035 $a(MiAaPQ)EBC4044269 035 $a(Au-PeEL)EBL4044269 035 $a(CaPaEBR)ebr11116201 035 $a(CaONFJC)MIL314076 035 $a(OCoLC)768164720 035 $a(PPN)163477566 035 $a(EXLCZ)993400000000000405 100 $a20120110d2010 uy 0 101 0 $aeng 135 $aur|n|---||||| 181 $ctxt 182 $cc 183 $acr 200 00$aDeciphering the universe through spectroscopy$b[electronic resource] /$fedited by Regina von Berlespch 205 $a1st ed. 210 $aWeinheim, Germany $cWiley-VCH$d2010 215 $a1 online resource (262 p.) 225 1 $aReviews in modern astronomy ;$vv. 22 300 $aDescription based upon print version of record. 311 $a3-527-41055-4 320 $aIncludes bibliographical references and index. 327 $aReviews in Modern Astronomy; Contents; Preface; Karl Schwarzschild Lecture: Dissecting galaxies with quantitative spectroscopy of the brightest stars in the Universe; Ludwig Biermann Award Lecture: Pulsations and planets: The asteroseismology-extrasolar-planet connection; Ludwig Biermann Award Lecture: Stellar archaeology: Exploring the Universe with metal-poor stars; Quantitative solar spectroscopy; Metallicity and kinematical clues To the formation of the Local Group; Probing dark matter, galaxies and the expansion history of the Universe with Lya in absorption and emission 327 $aHypervelocity stars in the Galactic haloSchwarzschild modelling of elliptical galaxies and their black holes; Star and protoplanetary disk properties in Orion's suburbs; Molecular gas at high redshift; X-ray spectroscopy and mass analysis of galaxy clusters; High-fidelity spectroscopy at the highest resolution; Spectroscopy of solar neutrinos; Open clusters and the galactic disk; VLT-CRIRES: "Good Vibrations" Rotational-vibrational molecular spectroscopy in astronomy; Index of Contributors; General Table of Contents; General Index of Contributors 330 $aThis 22nd volume in the series contains 15 invited reviews and highlight contributions from outstanding speakers presented during the 2009 annual meeting of the Astronomical Society on the subject of ""Deciphering the Universe through Spectroscopy"", held in Potsdam, Germany.Topics range from the measurements of magnetic fields on the surface of the sun via detailed measurements of abundances in stellar atmospheres to the kinematics of the universe at its largest scales. The result is a systematic overview of the latest astronomical and cosmological research. 410 0$aReviews in modern astronomy ;$v22. 410 0$aReviews in modern astronomy ;$vv. 22. 606 $aAstronomical spectroscopy 606 $aSpectrum analysis 615 0$aAstronomical spectroscopy. 615 0$aSpectrum analysis. 676 $a523.10287 676 $a600 701 $aBerlepsch$b Regina von$01636159 801 0$bMiAaPQ 801 1$bMiAaPQ 801 2$bMiAaPQ 906 $aBOOK 912 $a9910829827003321 996 $aDeciphering the universe through spectroscopy$93989321 997 $aUNINA